Where do they come from? - Tottenham Hotspurs 22/23 - Statistics

General Stats
  • This quiz has been taken 115 times
  • The average score is 17 of 20
Answer Stats
# Player Signed from Year % Correct
9 Richarlison Everton 2022
97%
21 Dejan Kulusevski Juventus 2022
97%
30 Rodrigo Bentancur Juventus 2022
97%
12 Emerson Royal Barcelona 2021
96%
34 Clément Lenglet Barcelona 2022
96%
14 Ivan Perišić Inter Milan 2022
95%
1 Hugo Lloris Olympique Lyonnais 2012
89%
15 Eric Dier Sporting Lisbon 2014
88%
23 Pedro Porro Sporting Lisbon 2023
88%
27 Lucas Moura Paris Saint-Germain 2018
86%
38 Yves Bissouma Brighton & Hove Albion 2022
84%
5 Pierre-Emile Højbjerg Southampton 2020
83%
20 Fraser Forster Southampton 2022
83%
7 Son Heung-Min Bayer Leverkusen 2015
82%
19 Ryan Sessegnon Fulham 2019
78%
16 Arnaut Danjuma Villarreal 2023
77%
6 Davinson Sánchez Ajax 2017
75%
17 Cristian Romero Atalanta BC 2022
73%
33 Ben Davies Swansea 2014
58%
29 Pape Matar Sarr FC Metz 2021
31%
No matching quizzes found
Score Distribution
Percent of People with Each Score
Percentile by Number Answered
Your Score History
You have not taken this quiz